000 00667pab a2200169 454500
008 180718b2007 xxu||||| |||| 00| 0 eng d
100 _aSharma, Mukul
245 _aSeeking the `truth' in truth commissions
260 _c2007
300 _ap.16-19.
362 _a22 Dec
520 _aTruth commissions as a means for justice and reparation for victims of severe human rights violations are being set up in a number of Asian countries. In Nepal, debate on the truth and reconciliation commission bill is throwing up many insights and concerns. - Reproduced.
650 _aHuman rights
773 _aEconomic and Political Weekly
908 _aN
909 _a76736
999 _c76736
_d76736